<?xml version="1.0" encoding="UTF-8"?>
<record
    xmlns:xsi="http://www.w3.org/2001/XMLSchema-instance"
    xsi:schemaLocation="http://www.loc.gov/MARC21/slim http://www.loc.gov/standards/marcxml/schema/MARC21slim.xsd"
    xmlns="http://www.loc.gov/MARC21/slim">

  <leader>00665nam a22001577a 4500</leader>
  <controlfield tag="005">20231025153342.0</controlfield>
  <controlfield tag="008">231025b        |||||||| |||| 00| 0 eng d</controlfield>
  <datafield tag="041" ind1=" " ind2=" ">
    <subfield code="a">Eng</subfield>
  </datafield>
  <datafield tag="082" ind1=" " ind2=" ">
    <subfield code="2">23</subfield>
    <subfield code="a">618.92</subfield>
    <subfield code="b">DHA</subfield>
  </datafield>
  <datafield tag="100" ind1=" " ind2=" ">
    <subfield code="a">Dharmik, Antara</subfield>
    <subfield code="9">205001</subfield>
  </datafield>
  <datafield tag="245" ind1=" " ind2=" ">
    <subfield code="a">A Study to Assess the Effectiveness of Video Assisted Teaching Program Regarding Knowledge of Occolar Exercise on Visual Discomfort Among Children in Selected School of the City</subfield>
  </datafield>
  <datafield tag="260" ind1=" " ind2=" ">
    <subfield code="a">Nagpur</subfield>
    <subfield code="b">Sitabai Nargundkar College of Nursing for Women ,Nagpur</subfield>
    <subfield code="c">2022</subfield>
  </datafield>
  <datafield tag="650" ind1=" " ind2=" ">
    <subfield code="a">Child Health Nursing</subfield>
  </datafield>
  <datafield tag="700" ind1=" " ind2=" ">
    <subfield code="a">Shende, Sushmita</subfield>
    <subfield code="a">Kuthe, Prachi</subfield>
    <subfield code="a">Gedam, Divya</subfield>
    <subfield code="a">Sonare, Neha</subfield>
    <subfield code="a">Jugade,Swati</subfield>
    <subfield code="9">205002</subfield>
  </datafield>
  <datafield tag="942" ind1=" " ind2=" ">
    <subfield code="c">DN</subfield>
  </datafield>
  <datafield tag="999" ind1=" " ind2=" ">
    <subfield code="c">356414</subfield>
    <subfield code="d">356414</subfield>
  </datafield>
  <datafield tag="952" ind1=" " ind2=" ">
    <subfield code="0">0</subfield>
    <subfield code="1">0</subfield>
    <subfield code="2">ddc</subfield>
    <subfield code="4">0</subfield>
    <subfield code="7">0</subfield>
    <subfield code="a">SNCN</subfield>
    <subfield code="b">SNCN</subfield>
    <subfield code="d">2023-10-25</subfield>
    <subfield code="l">2</subfield>
    <subfield code="o">618.92 DHA</subfield>
    <subfield code="p">SNCN-DN-138</subfield>
    <subfield code="r">2026-03-04 17:22:56</subfield>
    <subfield code="s">2026-02-17</subfield>
    <subfield code="w">2023-10-25</subfield>
    <subfield code="y">DN</subfield>
  </datafield>
</record>
